'Big' Grab Bag Quiz Stats

 Plays Quiz Updated Mar 11, 2017

Support Sporcle.
Go Orange.
Score 0/39 Timer 10:00
1 Play Today
Hint Answer % Correct
'Big 3' American Car ManufacturersFord
91.9%
'Big 4' American Sports LeaguesNFL
90.7%
'Big 4' American Sports LeaguesNBA
90.3%
'Big 3' American Television NetworksNBC
90%
'Big 3' American Television NetworksABC
89.1%
'Big 2' Comic Book CompaniesMarvel
88.8%
'Big 4' American Sports LeaguesNHL
88.4%
'Big 5' Academy AwardsBest Actor
84.8%
'Big 4' American Sports LeaguesMLB
84.4%
'Big 3' American Television NetworksCBS
83.7%
'Big 5' Academy AwardsBest Actress
83.6%
'Big 3' American Car ManufacturersGeneral Motors
78.7%
'Big 5' Academy AwardsBest Picture
75.3%
'Big 2' Comic Book CompaniesDC
75.1%
'Big 5' Academy AwardsBest Director
73.9%
'Big 5' African GameAfrican Lion
73.8%
'Big 5' African GameAfrican Elephant
71.3%
'Big 10' Athletic Conference Members (1950-1990)Michigan
68.8%
'Big 3' Allied Leaders at Yalta ConferenceWinston Churchill
67.9%
'Big 3' Allied Leaders at Yalta ConferenceFranklin D. Roosevelt
66.8%
Hint Answer % Correct
'Big 10' Athletic Conference Members (1950-1990)Ohio State
64.9%
'Big 10' Athletic Conference Members (1950-1990)Michigan State
63.7%
'Big 10' Athletic Conference Members (1950-1990)Indiana
63%
'Big 3' Allied Leaders at Yalta ConferenceJoseph Stalin
62.5%
'Big 5' African GameBlack Rhinoceros
61.9%
'Big 10' Athletic Conference Members (1950-1990)Wisconsin
61.4%
'Big 3' American Car ManufacturersChrysler
61.4%
'Big 10' Athletic Conference Members (1950-1990)Illinois
60.8%
'Big 10' Athletic Conference Members (1950-1990)Iowa
58.9%
'Big 10' Athletic Conference Members (1950-1990)Minnesota
58.9%
'Big 10' Athletic Conference Members (1950-1990)Northwestern
52.5%
'Big 10' Athletic Conference Members (1950-1990)Purdue
52.2%
'Big 5' Academy AwardsBest Screenplay
51.3%
'Big 5' African GameAfrican Leopard
31.4%
'Big 4' Accountancy FirmsPricewaterhouseCoopers
28.7%
'Big 4' Accountancy FirmsDeloitte
27.6%
'Big 4' Accountancy FirmsEY
26.4%
'Big 4' Accountancy FirmsKPMG
23.1%
'Big 5' African GameCape Buffalo
22.5%

You're not logged in!

Compare scores with friends on all Sporcle quizzes.
OR
Log In
Forgot?

From the Vault

Colorful Book Clean-Up

by mrbinkey04

Don't judge a book by its color.
Remove Ads.
Support Sporcle.
Get the best of Sporcle when you Go Orange. This ad-free experience offers more features, more stats, and more fun while also helping to support Sporcle. Thank you for becoming a member.

Show Comments

Extras

Top Quizzes Today


Score Distribution

Your Account Isn't Verified!

In order to create a playlist on Sporcle, you need to verify the email address you used during registration. Go to your Sporcle Settings to finish the process.

Report this User

Report this user for behavior that violates our Community Guidelines.

Details: